000 00795nas a2200253 4500
001 BR0001573
003 BR-BrBNA
005 20231205101758.0
007 ta
008 230509b bl.|||p| |||| 00| 00por d
040 _aBR-BrBNA
_bpor
_cBiblioteca Nacional de Agricultura
041 _a(Pt)
072 _aP36
100 1 _aValcarcel, R.
100 1 _aSilva, Z. de S.
245 1 _aA eficiencia conservacionista de medidas de recuperacao de areas degradadas: proposta metodologica
500 _aPublished in Jan 2000
650 _aRecuperacao do Solo
650 _aDeterioracao do Solo
650 _aMeio Ambiente
773 0 _tFloresta (Brazil)
_xISSN 0015-3826
_g(Jun-Dec 1997), v. 27(1-2) p. 101-114
_wBR0001573
909 _a202311
_bLúcia
_c55
_dLúcia Elande
942 _2AGRIS
_n0
_cANA
999 _c163839
_d163839